00520nam a2200133Ia 45000010005000000080041000050820025000461000105000712450138001762600024003145900007003389010026003459990015003713598241024s9999 xx 000 0 und d aRD/371.07/R426e/2013 aRepública Dominicana. Ministerio de Educación. Dirección de Acreditación de Centro Educativo 0aEncuentro con los representantes de las asociaciones y federaciones de instituciones educativas privadas de la República Dominicana bSanto Domingoc2013 asi a9/1/2014 2:16:27 p.m. c8909d8909